000 00718nam a2200205Ia 4500
003 GCL
008 140319s9999 xx 000 0 ara d
040 _aGCL /
_cGCL
082 0 4 _aم
_b953.084
_bص ا
100 1 _aابن الصيرفى : نورالدين على بن داود بن ابراهيم الجوهرى
245 1 0 _aانباء الهصر بأبناء العصر /
_cابن الصيرفى : نورالدين على بن داود بن ابراهيم الجوهرى
700 1 _aحسن حبشى
260 _a[S.N] :
_bدار الفكر العربى ،
_c1970
300 _a562 ص
490 _a
650 0 4 _aمصر
650 0 4 _aتاريخ
650 0 4 _aدولة المماليك
942 _2ddc
_cBK
999 _c32970
_d32970